[Event "Heusenstamm Sparkassen op-A 4th"]
[Site "Heusenstamm"]
[Date "2017.11.26"]
[Round "7"]
[White "Ohler, Julius"]
[Black "Mao, Yvonne"]
[Result "0-1"]
[WhiteElo "1646"]
[BlackElo "1856"]
[PlyCount "116"]
[EventDate "2017.11.23"]
[EventType "swiss"]
[EventRounds "7"]
[EventCountry "GER"]
[SourceTitle "EXT 2019"]
[Source "ChessBase"]
[SourceDate "2018.10.10"]
[SourceVersion "1"]
[SourceVersionDate "2018.10.10"]
[SourceQuality "1"]

1. d4 g6 2. e4 Bg7 3. c4 c5 4. d5 d6 5. Nc3 Nf6 6. Be3 0-0 7. f4 Ng4 8. Bd2 Bd4 9. Nh3 Ne3 10. Bxe3 Bxe3 11. Qd3 Bd4 12. Ng5 Na6 13. a3 Nc7 14. Nf3 Bg7 15. Be2 a6 16. Rb1 b5 17. cxb5 axb5 18. Nxb5 Ba6 19. a4 Rb8 20. 0-0 Nxb5 21. axb5 Bxb5 22. Qc2 Bxe2 23. Qxe2 Rb4 24. Qc2 Qb6 25. Rf2 Rb8 26. e5 Rxf4 27. exd6 exd6 28. Qd2 Rb4 29. Kh1 Rxb2 30. Rxb2 Qxb2 31. Qxb2 Rxb2 32. Rf1 Ra2 33. h3 Ra1 34. Kg1 Bd4+ 35. Nxd4 Rxf1+ 36. Kxf1 cxd4 37. Ke2 Kg7 38. Kd3 Kf6 39. Kxd4 Kf5 40. g3 h5 41. Kc4 Ke5 42. g4 hxg4 43. hxg4 g5 44. Kd3 Kxd5 45. Ke3 Ke5 46. Kf3 Kd4 47. Ke2 Ke4 48. Kf2 d5 49. Ke2 Kf4 50. Kf2 Kxg4 51. Kg2 d4 52. Kf2 f5 53. Ke2 f4 54. Kf2 d3 55. Ke1 f3 56. Kf2 d2 57. Kg1 Kg3 58. Kf1 d1R# 0-1

[Event "BL2 Sued 1718 (Women)"]
[Site "Germany"]
[Date "2017.10.14"]
[Round "1.4"]
[White "Mao, Yvonne"]
[Black "Dirmeier, Carolin"]
[Result "0-1"]
[WhiteElo "1897"]
[BlackElo "1968"]
[PlyCount "148"]
[EventDate "2017.10.14"]
[EventType "team-tourn"]
[EventRounds "7"]
[EventCountry "GER"]
[SourceTitle "EXT 2019"]
[Source "ChessBase"]
[SourceDate "2018.10.10"]
[SourceVersion "1"]
[SourceVersionDate "2018.10.10"]
[SourceQuality "1"]
[WhiteTeam "Gernsheim (W)"]
[BlackTeam "Muenchen Bayern (W)"]
[WhiteTeamCountry "GER"]
[BlackTeamCountry "GER"]

1. e4 c5 2. Nf3 Nc6 3. c4 g6 4. d4 cxd4 5. Nxd4 Bg7 6. Be3 Nf6 7. Nc3 d6 8. Be2 0-0 9. 0-0 Nd7 10. Rc1 a5 11. Qd2 a4 12. Rfd1 Nde5 13. Nd5 Nxd4 14. Bxd4 Nc6 15. Bxg7 Kxg7 16. c5 dxc5 17. Qc3+ e5 18. f4 Nd4 19. Bf1 Be6 20. Qxc5 Ra5 21. Qc7 Bxd5 22. Qxe5+ Qf6 23. exd5 Qxe5 24. fxe5 Rxd5 25. Bc4 Rd7 26. Kf2 Rfd8 27. Rc3 b5 28. Bf1 Kf8 29. Rcd3 Ke7 30. Ke3 Nf5+ 31. Kf4 Rxd3 32. Rxd3 Rc8 33. Rc3 Rd8 34. Bxb5 Rd4+ 35. Kf3 Rb4 36. Bd3 Ke6 37. b3 axb3 38. Rxb3 Nd4+ 39. Kf2 Nxb3 40. axb3 Kxe5 41. Bc4 f5 42. h3 g5 43. Ke3 h5 44. Kf3 h4 45. Ke3 Rb7 46. Kf3 Kd4 47. Be6 Rb5 48. Bc4 Rc5 49. Ke2 Re5+ 50. Kf3 Re3+ 51. Kf2 Rc3 52. Be6 Ke5 53. Bc4 Kf4 54. Bd5 Rc2+ 55. Ke1 Ke3 56. Bf3 Rc1+ 57. Bd1 Rb1 58. b4 Rxb4 59. Bc2 f4 60. Bf5 Ra4 61. Kd1 Kf2 62. Bg4 Kxg2 63. Ke2 Ra3 64. Bh5 f3+ 65. Kd2 f2 66. Be2 f1Q 67. Bxf1+ Kxf1 68. Kc2 Ke2 69. Kb2 Rxh3 70. Kc2 Rd3 71. Kb2 Kd2 72. Ka1 Kc2 73. Ka2 Rc3 74. Ka1 Ra3# 0-1

[Event "GER-chT Federal Cup (Women)"]
[Site "Braunfels"]
[Date "2017.06.18"]
[Round "5.2"]
[White "Mao, Yvonne"]
[Black "Bulmaga, Irina"]
[Result "0-1"]
[WhiteElo "1863"]
[BlackElo "2415"]
[PlyCount "80"]
[EventDate "2017.06.15"]
[EventType "team-swiss"]
[EventRounds "5"]
[EventCountry "GER"]
[SourceTitle "CBM 179 Extra"]
[Source "ChessBase"]
[SourceDate "2017.08.23"]
[SourceVersion "1"]
[SourceVersionDate "2017.08.23"]
[SourceQuality "1"]
[WhiteTeam "Hessen (W) II"]
[BlackTeam "Wuerttemberg (W)"]
[WhiteTeamCountry "GER"]
[BlackTeamCountry "GER"]

1. e4 c5 2. Nf3 d6 3. c4 Nc6 4. d4 cxd4 5. Nxd4 g6 6. Nc3 Bg7 7. Be3 Nf6 8. Be2 0-0 9. 0-0 Bd7 10. Qd2 Nxd4 11. Bxd4 Qa5 12. Rfd1 Rfe8 13. f3 Bc6 14. Nd5 Qxd2 15. Nxf6+ Bxf6 16. Rxd2 Bxd4+ 17. Rxd4 a5 18. Rc1 Red8 19. Rcd1 Rdc8 20. f4 a4 21. Bg4 Rc7 22. f5 Kg7 23. fxg6 hxg6 24. Rf1 Ra6 25. Re1 Rb6 26. Rd2 Rb4 27. Rc2 Be8 28. Rec1 Kf6 29. Bf3 Rc5 30. Kf2 Ke5 31. Ke3 Bd7 32. h4 Be6 33. Be2 b5 34. g4 bxc4 35. h5 gxh5 36. gxh5 c3 37. bxc3 Rxe4+ 38. Kf2 Rf4+ 39. Kg3 Rc8 40. h6 Rg8+ 0-1

[Event "GER-chT Federal Cup (Women)"]
[Site "Braunfels"]
[Date "2017.06.16"]
[Round "2.2"]
[White "Mao, Yvonne"]
[Black "Ries, Jutta"]
[Result "0-1"]
[WhiteElo "1863"]
[BlackElo "2035"]
[PlyCount "112"]
[EventDate "2017.06.15"]
[EventType "team-swiss"]
[EventRounds "5"]
[EventCountry "GER"]
[SourceTitle "CBM 179 Extra"]
[Source "ChessBase"]
[SourceDate "2017.08.23"]
[SourceVersion "1"]
[SourceVersionDate "2017.08.23"]
[SourceQuality "1"]
[WhiteTeam "Hessen (W) II"]
[BlackTeam "Hessen (W)"]
[WhiteTeamCountry "GER"]
[BlackTeamCountry "GER"]

1. e4 Nf6 2. e5 Nd5 3. Nf3 e6 4. d4 d6 5. c4 Nb6 6. Nc3 dxe5 7. Nxe5 c5 8. Qf3 Qf6 9. Qxf6 gxf6 10. dxc5 Bxc5 11. Nd3 Be7 12. Nb5 Na6 13. b3 Bd7 14. Be3 Bxb5 15. cxb5 Nb4 16. Nxb4 Bxb4+ 17. Bd2 Bxd2+ 18. Kxd2 Ke7 19. Be2 Rhd8+ 20. Kc2 Rac8+ 21. Bc4 Nxc4 22. bxc4 Rxc4+ 23. Kb3 Rdd4 24. Rab1 Rc5 25. a4 Rcc4 26. a5 Ra4 27. Rhc1 Rdb4+ 28. Kc2 Ra2+ 29. Kd3 Rxb1 30. Rxb1 Rxa5 31. Rb2 Kd6 32. Kc4 Ra4+ 33. Kb3 Rh4 34. h3 Kc5 35. Kc3 Rc4+ 36. Kd3 Rb4 37. Rc2+ Kd6 38. Ra2 Rxb5 39. Rxa7 Ke5 40. Ra4 Rb3+ 41. Kc2 Rb5 42. Rh4 f5 43. Rxh7 Kf6 44. Rh4 e5 45. Ra4 f4 46. g3 fxg3 47. fxg3 Kg5 48. Rg4+ Kf5 49. Kd3 Rb3+ 50. Kc4 Rb1 51. Rg7 Kf6 52. Rg4 b5+ 53. Kc5 Kf5 54. Rg8 b4 55. h4 b3 56. Rb8 b2 0-1

[Event "Vellmar op 8th"]
[Site "Vellmar"]
[Date "2016.07.31"]
[Round "6"]
[White "Helmer, Andreas"]
[Black "Mao, Yvonne"]
[Result "1/2-1/2"]
[WhiteElo "1630"]
[BlackElo "1733"]
[PlyCount "102"]
[EventDate "2016.07.28"]
[EventType "swiss"]
[EventRounds "7"]
[EventCountry "GER"]
[SourceTitle "CBM 173 Extra"]
[Source "ChessBase"]
[SourceDate "2016.08.29"]
[SourceVersion "1"]
[SourceVersionDate "2016.08.29"]
[SourceQuality "1"]

1. d4 Nf6 2. Nf3 d6 3. Nbd2 g6 4. e4 Bg7 5. c3 0-0 6. Bd3 c5 7. Nf1 Bg4 8. Ng3 Nc6 9. Be3 cxd4 10. cxd4 Nd7 11. Be2 Qa5+ 12. Nd2 Bxe2 13. Nxe2 Qb4 14. Qb3 Qxb3 15. Nxb3 Nb4 16. Kd2 Rfc8 17. Rhc1 Nb6 18. Na5 Na4 19. a3 Na6 20. b3 N4c5 21. f3 b6 22. b4 bxa5 23. bxc5 dxc5 24. Rab1 cxd4 25. Rxc8+ Rxc8 26. Bxd4 Rd8 27. Ke3 Bxd4+ 28. Nxd4 Rc8 29. Kd2 e5 30. Ne2 Rd8+ 31. Ke3 Rb8 32. Rxb8+ Nxb8 33. Kd3 Nd7 34. Kc4 Nb6+ 35. Kb5 f5 36. Nc3 Kf7 37. Na4 Nc8 38. Kc6 Ke7 39. Nc5 Nb6 40. a4 fxe4 41. fxe4 Nc4 42. Kd5 Ne3+ 43. Kxe5 Nxg2 44. Nb7 Ne1 45. Kd5 Nf3 46. Nxa5 Nxh2 47. Nc6+ Ke8 48. Nxa7 Ng4 49. Ke6 h5 50. Nb5 Nf2 51. Nc3 Nd3 1/2-1/2

[Event "Hessen-ch op-B"]
[Site "Floersheim"]
[Date "2016.05.06"]
[Round "3"]
[White "Mao, Yvonne"]
[Black "Poetsch, Leonore"]
[Result "1-0"]
[WhiteElo "1587"]
[BlackElo "1829"]
[PlyCount "55"]
[EventDate "2016.05.05"]
[EventType "swiss"]
[EventRounds "7"]
[EventCountry "GER"]
[SourceTitle "EXT 2022"]
[Source "ChessBase"]
[SourceDate "2021.10.06"]
[SourceVersion "1"]
[SourceVersionDate "2021.10.06"]
[SourceQuality "1"]

1. e4 e6 2. b3 d5 3. Bb2 dxe4 4. Nc3 Nf6 5. Qe2 Nc6 6. 0-0-0 Be7 7. Nxe4 0-0 8. h4 e5 9. h5 Nd4 10. Qd3 Bf5 11. f3 c5 12. c3 Nc6 13. Nxf6+ Bxf6 14. Qxf5 Qa5 15. Kb1 Rad8 16. Bd3 Rxd3 17. Qxd3 Rd8 18. Qe4 Bg5 19. Nh3 Bxd2 20. Qc2 Bh6 21. Rxd8+ Qxd8 22. Rd1 Qh4 23. Qf5 g6 24. hxg6 hxg6 25. Qg4 Qf6 26. f4 Bg7 27. Qc8+ Kh7 28. Ng5+ 1-0

[Event "Hessen-ch op-B"]
[Site "Floersheim"]
[Date "2016.05.05"]
[Round "2"]
[White "Engel, Jan"]
[Black "Mao, Yvonne"]
[Result "1-0"]
[WhiteElo "1794"]
[BlackElo "1587"]
[PlyCount "91"]
[EventDate "2016.05.05"]
[EventType "swiss"]
[EventRounds "7"]
[EventCountry "GER"]
[SourceTitle "EXT 2022"]
[Source "ChessBase"]
[SourceDate "2021.10.06"]
[SourceVersion "1"]
[SourceVersionDate "2021.10.06"]
[SourceQuality "1"]

1. e4 c5 2. Nf3 a6 3. d4 cxd4 4. Nxd4 Nf6 5. Bd3 e5 6. Nb3 d5 7. Bg5 d4 8. c3 dxc3 9. Nxc3 Bb4 10. Rc1 Be6 11. 0-0 Nbd7 12. Qe2 0-0 13. Nd5 Bd6 14. Nc3 Qb6 15. Bc4 Bg4 16. Qd2 Bb4 17. Bd5 Nxd5 18. exd5 Qg6 19. f3 Bf5 20. a3 Bxa3 21. bxa3 Qb6+ 22. Be3 Qxb3 23. g4 Bg6 24. h4 h6 25. Ne4 Bxe4 26. fxe4 Nf6 27. Rxf6 gxf6 28. Rf1 Rfc8 29. Bf2 Qh3 30. Qxh6 Qxg4+ 31. Kh2 Rc3 32. Be3 Qe2+ 33. Rf2 Rxe3 34. Rxe2 Rxe2+ 35. Kg3 Rxe4 36. Qxf6 Re3+ 37. Kg4 Re1 38. d6 Rg1+ 39. Kh5 Rg6 40. Qe7 Re6 41. Qc7 Ree8 42. d7 Red8 43. Kh6 Kf8 44. Qxe5 b5 45. Kh7 Rab8 46. Qd6# 1-0

[Event "Hessen-ch U16"]
[Site "Bad Homburg"]
[Date "2015.04.02"]
[Round "6"]
[White "Mao, Yvonne"]
[Black "Krastev, Alexander"]
[Result "0-1"]
[WhiteElo "1577"]
[BlackElo "1814"]
[PlyCount "78"]
[EventDate "2015.03.30"]
[EventType "swiss"]
[EventRounds "7"]
[EventCountry "GER"]
[SourceTitle "EXT 2017"]
[Source "ChessBase"]
[SourceDate "2016.10.25"]
[SourceVersion "1"]
[SourceVersionDate "2016.10.25"]
[SourceQuality "1"]

1. e4 e5 2. Nf3 Nc6 3. Nc3 Nf6 4. a3 d5 5. Bb5 Nxe4 6. Qe2 Nxc3 7. Qxe5+ Be7 8. Qxc3 0-0 9. Bxc6 bxc6 10. Qxc6 Rb8 11. d4 Rb6 12. Qc3 Ba6 13. Ne5 Bd6 14. Be3 f6 15. Nd3 Qd7 16. Nc5 Bxc5 17. dxc5 Re6 18. 0-0-0 Qc6 19. Qd4 Rd8 20. Rhe1 Re4 21. Qxe4 dxe4 22. Rxd8+ Kf7 23. Red1 Ke7 24. Rg8 Kf7 25. Rdd8 Qb5 26. Rdf8+ Kg6 27. b3 Qf1+ 28. Kb2 Qe2 29. Bd4 Bd3 30. Rxf6+ Kh5 31. g4+ Kh4 32. Kc3 Qxc2+ 33. Kb4 gxf6 34. Bxf6+ Kh3 35. Be5 Qd2+ 36. Ka4 c6 37. b4 Qc2+ 38. Ka5 Qc4 39. Rb8 Qa6# 0-1

[Event "Hessen-ch U16"]
[Site "Bad Homburg"]
[Date "2015.04.01"]
[Round "4"]
[White "Mao, Yvonne"]
[Black "Spitzl, Vinzent"]
[Result "0-1"]
[WhiteElo "1577"]
[BlackElo "2069"]
[PlyCount "66"]
[EventDate "2015.03.30"]
[EventType "swiss"]
[EventRounds "7"]
[EventCountry "GER"]
[SourceTitle "EXT 2017"]
[Source "ChessBase"]
[SourceDate "2016.10.25"]
[SourceVersion "1"]
[SourceVersionDate "2016.10.25"]
[SourceQuality "1"]

1. e4 c5 2. Nf3 d6 3. c4 e5 4. Nc3 Nc6 5. h3 Nge7 6. d3 g6 7. Be2 Bg7 8. 0-0 0-0 9. b3 f5 10. exf5 Bxf5 11. Bb2 d5 12. Nh4 d4 13. Nxf5 gxf5 14. Nb1 Ng6 15. Ba3 Qe7 16. Bf3 Qd6 17. g3 Rae8 18. Nd2 b6 19. Bg2 Bh6 20. Re1 Qf6 21. Bc1 Bg7 22. Qf3 Nb4 23. Qd1 e4 24. dxe4 d3 25. Rb1 Nxa2 26. exf5 Nc3 27. Bb2 Nxd1 28. Bxf6 Rxe1+ 29. Kh2 Rxf6 30. fxg6 Rxf2 31. gxh7+ Kxh7 32. Nf3 Ree2 33. Nh4 Ne3 0-1

[Event "Hessen-ch U16"]
[Site "Bad Homburg"]
[Date "2015.03.30"]
[Round "3"]
[White "Wachsmann, Dietmar"]
[Black "Mao, Yvonne"]
[Result "0-1"]
[WhiteElo "1776"]
[BlackElo "1577"]
[PlyCount "106"]
[EventDate "2015.03.30"]
[EventType "swiss"]
[EventRounds "7"]
[EventCountry "GER"]
[SourceTitle "EXT 2017"]
[Source "ChessBase"]
[SourceDate "2016.10.25"]
[SourceVersion "1"]
[SourceVersionDate "2016.10.25"]
[SourceQuality "1"]

1. e4 c5 2. f4 e6 3. Nf3 a6 4. Be2 b5 5. 0-0 Bb7 6. d3 d5 7. Nbd2 g6 8. c3 Bg7 9. Qc2 Ne7 10. Nb3 Nd7 11. Be3 Qc7 12. Nbd2 0-0 13. Nh4 dxe4 14. dxe4 f5 15. e5 Nd5 16. Qd3 N7b6 17. g3 Rfd8 18. Ndf3 Nxf4 19. Qxd8+ Rxd8 20. gxf4 Nd5 21. Bd2 c4 22. Nd4 Qb6 23. Ng2 Bf8 24. Be1 Bc5 25. Bf2 Kf7 26. Rad1 Rg8 27. Rd2 g5 28. Bg3 gxf4 29. Nxf4 Nxf4 30. Rxf4 Bxd4+ 31. Rfxd4 f4 32. Kf1 fxg3 33. Bh5+ Kg7 34. hxg3 Rf8+ 35. Ke1 Qc6 36. Rh2 Rf5 37. Be2 Rxe5 38. Rg4+ Kf8 39. Rxh7 Rxe2+ 40. Kxe2 Qf3+ 41. Kd2 Qd3+ 42. Kc1 Qxh7 43. Rf4+ Ke7 44. b3 cxb3 45. axb3 Qh1+ 46. Kb2 Qg2+ 47. Ka3 Qxg3 48. Rd4 Qxc3 49. Rd1 b4+ 50. Ka2 Qc2+ 51. Ka1 Qxd1+ 52. Ka2 Be4 53. Kb2 Qb1# 0-1

[Event "Karl Mala Memorial op-B 16th"]
[Site "Frankfurt"]
[Date "2013.07.12"]
[Round "3"]
[White "Fischer, Lutz"]
[Black "Mao, Yvonne"]
[Result "1-0"]
[WhiteElo "1696"]
[BlackElo "1409"]
[PlyCount "85"]
[EventDate "2013.07.11"]
[EventType "swiss"]
[EventRounds "7"]
[EventCountry "GER"]
[SourceTitle "CBM 155 Extra"]
[Source "ChessBase"]
[SourceDate "2013.08.26"]
[SourceVersion "1"]
[SourceVersionDate "2013.08.26"]
[SourceQuality "1"]

1. e4 e5 2. f4 exf4 3. Nf3 Nc6 4. d4 d5 5. e5 Bg4 6. Bb5 Nge7 7. Bxf4 a6 8. Be2 Nf5 9. c3 Be7 10. 0-0 Bxf3 11. Bxf3 Bg5 12. Bxd5 Ne3 13. Bxc6+ bxc6 14. Bxe3 Bxe3+ 15. Kh1 Qh4 16. Qf3 Bh6 17. Qxc6+ Ke7 18. Qxc7+ Ke8 19. Qxf7+ Kd8 20. e6 Qe7 21. Qxe7+ Kxe7 22. d5 Rhf8 23. Na3 Kd6 24. c4 Be3 25. Nc2 Bg5 26. g3 Bf6 27. Rab1 Rfc8 28. b3 a5 29. Na3 a4 30. Nb5+ Ke7 31. Rfe1 axb3 32. axb3 Rd8 33. d6+ Rxd6 34. Nxd6 Kxd6 35. Rbd1+ Kc5 36. Rd5+ Kb4 37. Rb5+ Kc3 38. c5 Bg5 39. c6 h6 40. c7 Rc8 41. Rb7 Kd4 42. e7 Be3 43. Rb8 1-0